| 000 | 00684nam a2200253Ia 4500 | ||
|---|---|---|---|
| 003 | OSt | ||
| 005 | 20221005073932.0 | ||
| 006 | a|||||r|||| 00| 0 | ||
| 007 | ta | ||
| 008 | 221004b |||||||| |||| 00| 0 eng d | ||
| 020 | _a8173915032 | ||
| 024 | _a72438 | ||
| 037 | _cTextual | ||
| 040 |
_aCRL _cCRL _beng |
||
| 041 |
_2eng _aeng |
||
| 082 | _aW:5, P2 | ||
| 100 |
_aNaseema C _9608420 |
||
| 245 | 0 | _aHuman Rights Education Conceptual and Pedagogical Aspects | |
| 260 |
_aNew Delhi _bKanishka Publishers Distributors India _c2002 |
||
| 300 |
_a232p _ccm. |
||
| 650 | _aPOLITICAL SCIENCE | ||
| 942 |
_hW:5, P2 _cTEXL _2cc |
||
| 999 |
_c981951 _d981951 |
||